| 000 | 00677cam a2200205 a 4500 | ||
|---|---|---|---|
| 001 | 000001089 | ||
| 005 | 20200929145456.0 | ||
| 008 | 770608s1936 nyu 001 0 eng | ||
| 040 |
_aDO-SdBNP _bspa _cBNPHU |
||
| 082 |
_a261 _bS783m |
||
| 100 | 1 |
_aStamp, Josiah, Sir _d1880-1941. _93732 |
|
| 245 | 1 | 0 |
_aMotive and method in a Christian order / _cSir Josiah Stamp. |
| 260 |
_aNew York : _bThe Abingdon press, _c1936. |
||
| 300 |
_a239 p. ; _c22 cm. |
||
| 504 | _aIncluye refencias biliográficas y notas al pie de las páginas | ||
| 650 | 4 |
_aÉtica cristiana _9389 |
|
| 650 | 4 |
_aEconomía _xAspectos religiosos _93733 |
|
| 650 | 4 |
_aTeología pastoral _93734 |
|
| 910 | _aEn proceso | ||
| 999 |
_c1049 _d1049 |
||